000 00648nam a2200229Ia 4500
003 OSt
005 20221006163925.0
006 a|||||r|||| 00| 0
007 ta
008 221006b |||||||| |||| 00| 0 eng d
024 _a2,232
037 _cTextual
040 _aFML
_cFML
_beng
041 _2eng
_aeng
082 _aNR(Y7), N2
100 _aRanade Ashok D. Au.
_9155347
245 0 _aIndology and Ethno Mucicology
_b Contours of the Indo - British Relationship
260 _aDelhi
_bPromilla & Co.
_c1992
300 _a93
_ccm.
942 _hNR(Y7), N2
_cTEXL
_2CC
999 _c1115728
_d1115728